Statistieken voor Landen in willekeurige zeshoeken op de wereldkaart

Klik hier om de quiz te nemen!

Algemene statistieken

  • Deze quiz is 7.008 keer genomen
  • De gemiddelde score is 16 van 20

Antwoorden op de kaart

Antwoorden kleurgecodeerd door een groen-rode schaal op de quizkaart volgens % correct hieronder.
 

Antwoordstatistieken

Landen% Correct
Canada | Verenigde Staten
99%
Canada | Verenigde Staten
99%
Andorra | België | Duitsland | Frankrijk | Italië | Liechtenstein | Luxemburg | Monaco | Oostenrijk | San Marino | Spanje | Vaticaanstad | Verenigd Koninkrijk | Zwitserland
98%
Canada | Verenigde Staten
98%
Mexico | Verenigde Staten
98%
Canada
97%
Canada
97%
Canada | Verenigde Staten
97%
Bahama's | Belize | Cuba | Guatemala | Jamaica | Mexico | Verenigde Staten
96%
Canada
96%
Canada | Verenigde Staten
96%
Canada | Verenigde Staten
96%
Estland | Finland | Letland | Noorwegen | Rusland | Zweden
96%
Guatemala | Mexico
96%
Belarus | Bosnië en Herzegovina | Duitsland | Hongarije | Italië | Kroatië | Letland | Litouwen | Moldavië | Oekraïne | Oostenrijk | Polen | Roemenië | Rusland | Servië | Slovenië | Slowakije | Tsjechië | Zweden
95%
Belarus | Estland | Finland | Letland | Oekraïne | Rusland
95%
China | Japan | Rusland
95%
Argentinië | Bolivia | Brazilië | Chili | Paraguay | Peru
94%
Canada
94%
Canada
94%
Canada | Verenigde Staten
94%
China | Japan | Noord-Korea | Rusland | Zuid-Korea
94%
China | Kazachstan | Mongolië | Rusland
94%
Finland | Noorwegen | Rusland
94%
Mexico | Verenigde Staten
94%
Verenigde Staten
94%
Antigua en Barbuda | Bahama's | Barbados | Colombia | Cuba | Dominica | Dominicaanse Republiek | Frankrijk | Grenada | Haïti | Jamaica | Nederland | Saint Kitts en Nevis | Saint Lucia | Saint Vincent en de Grenadines | Trinidad en Tobago | Venezuela | Verenigde Staten
93%
België | Denemarken | Duitsland | Nederland | Noorwegen | Verenigd Koninkrijk | Zweden
93%
Canada
93%
Ierland | Verenigd Koninkrijk
93%
Albanië | Bosnië en Herzegovina | Bulgarije | Egypte | Griekenland | Italië | Kosovo | Kroatië | Libië | Malta | Montenegro | Noord-Macedonië | Roemenië | Servië | Tunesië | Turkije
92%
Canada
92%
Canada | Denemarken
92%
China | Mongolië | Rusland
92%
Denemarken | IJsland
92%
Marokko | Portugal | Spanje
92%
Mexico | Verenigde Staten
92%
Rusland
92%
Argentinië | Chili | Uruguay
91%
Belize | Colombia | Costa Rica | El Salvador | Guatemala | Honduras | Mexico | Nicaragua | Panama | Venezuela
91%
Canada
91%
Brazilië | Colombia | Guyana | Peru | Suriname | Trinidad en Tobago | Venezuela
90%
Cyprus | Egypte | Irak | Iran | Israël | Jordanië | Koeweit | Libanon | Saoedi-Arabië | Syrië | Turkije
90%
Rusland
90%
Rusland
90%
Rusland
90%
Bolivia | Brazilië | Colombia | Peru
89%
Kazachstan | Oezbekistan | Rusland
89%
Kazachstan | Rusland
89%
Rusland
89%
Rusland
89%
Argentinië | Brazilië | Paraguay | Uruguay
88%
Brazilië
88%
Brazilië | Frankrijk | Suriname
88%
Denemarken
88%
Rusland
88%
Rusland
88%
Afghanistan | Armenië | Azerbeidzjan | Georgië | Irak | Iran | Kazachstan | Oezbekistan | Rusland | Turkije | Turkmenistan
87%
Algerije | Egypte | Libië | Niger | Soedan | Tsjaad
87%
China | Mongolië | Rusland
87%
Rusland
87%
Argentinië | Chili | Verenigd Koninkrijk
86%
Armenië | Azerbeidzjan | Bulgarije | Georgië | Iran | Moldavië | Oekraïne | Roemenië | Rusland | Turkije
86%
Rusland
86%
Rusland
86%
Algerije | Mali | Marokko | Mauritanië | Spanje
85%
Bolivia | Brazilië
85%
India | Pakistan
85%
Mongolië | Rusland
85%
Rusland
85%
Algerije | Libië | Marokko | Spanje | Tunesië
84%
Australië | Indonesië | Papoea-Nieuw-Guinea
84%
Botswana | Lesotho | Namibië | Zuid-Afrika
84%
Cambodja | China | Laos | Myanmar | Thailand | Vietnam
84%
Rusland
84%
Afghanistan | China | India | Iran | Nepal | Oezbekistan | Pakistan | Tadzjikistan | Turkmenistan
83%
Bangladesh | Bhutan | China | India | Myanmar | Nepal
83%
Benin | Burkina Faso | Equatoriaal-Guinea | Gabon | Ghana | Ivoorkust | Kameroen | Liberia | Nigeria | Sao Tome en Principe | Togo
83%
Denemarken
83%
Australië | Indonesië | Oost-Timor
82%
Afghanistan | Bahrein | Iran | Jemen | Koeweit | Oman | Pakistan | Qatar | Saoedi-Arabië | Verenigde Arabische Emiraten
81%
Australië
81%
Centraal-Afrikaanse Republiek | Democratische Republiek Congo | Kameroen | Niger | Nigeria | Soedan | Tsjaad | Zuid-Soedan
81%
Colombia | Ecuador | Peru
81%
Japan
81%
Rusland
81%
Verenigde Staten
81%
Botswana | Eswatini | Madagaskar | Malawi | Mozambique | Zimbabwe | Zuid-Afrika
80%
Brazilië | Frankrijk | Suriname
80%
China | Myanmar
80%
Algerije | Benin | Burkina Faso | Ghana | Mali | Mauritanië | Niger | Nigeria | Togo
79%
China | Mongolië
79%
China | Filipijnen | Taiwan
78%
Djibouti | Egypte | Eritrea | Ethiopië | Jemen | Saoedi-Arabië | Soedan | Somalië | Zuid-Soedan
78%
Afghanistan | China | Kazachstan | Kirgizië | Oezbekistan | Tadzjikistan | Turkmenistan
77%
Australië
77%
Comoren | Democratische Republiek Congo | Frankrijk | Kenia | Malawi | Mozambique | Tanzania | Zambia
77%
Australië
76%
Denemarken
76%
Frankrijk | Madagaskar | Mauritius
76%
Denemarken
75%
Verenigde Staten
75%
Australië
74%
Brunei | Cambodja | Indonesië | Maleisië | Singapore | Thailand | Vietnam
74%
Burkina Faso | Gambia | Guinee | Guinee-Bissau | Ivoorkust | Kaapverdië | Liberia | Mali | Mauritanië | Senegal | Sierra Leone
74%
Democratische Republiek Congo | Ethiopië | Kenia | Oeganda | Soedan | Somalië | Tanzania | Zuid-Soedan
74%
Angola | Botswana | Democratische Republiek Congo | Mozambique | Namibië | Zambia | Zimbabwe
73%
Australië
73%
Australië
72%
Nieuw-Zeeland
72%
Angola | Burundi | Centraal-Afrikaanse Republiek | Democratische Republiek Congo | Gabon | Kameroen | Oeganda | Republiek Congo | Rwanda | Tanzania
70%
Brazilië
70%
Ethiopië | Jemen | Oman | Somalië
70%
Indonesië
70%
Australië | Nieuw-Zeeland
68%
Chili
67%
Filipijnen | Maleisië | Palau
67%
India | Indonesië | Myanmar | Sri Lanka | Thailand
66%
Peru
66%
Indonesië | Oost-Timor
65%
Australië
64%
India | Maldiven | Sri Lanka
63%
Nieuw-Zeeland
58%
Kaapverdië
53%
Fiji | Kiribati | Salomonseilanden | Tuvalu | Vanuatu
49%
Indonesië | Micronesia | Palau
49%
Fiji | Frankrijk | Tonga | Vanuatu
47%
Kiribati | Marshalleilanden
43%
Kiribati
41%
Micronesia | Nauru | Papoea-Nieuw-Guinea | Salomonseilanden
41%
Angola
37%
Marshalleilanden | Micronesia
35%
Kiribati
33%
Seychellen
33%
Portugal
31%
Frankrijk | Salomonseilanden | Vanuatu
30%
Marshalleilanden
17%

Scoreverdeling

Percentiel versus Aantal Correcte Antwoorden

Procent van Mensen met Elke Score

Uw Scoregeschiedenis

U heeft deze quiz nog niet genomen